000
00238nam a2200085Ia 4500
245
0
_a
Paying less tax made simple
100
_a
METZ, Ralf Welgemoed, 2009 14th ed
_9
96074
942
_c
BK
008
210817s9999 xx 000 0 und d
999
_c
402285
_d
402284